TV Show First Lines II Quiz Stats

Quiz Updated Apr 4, 2012

Challenge
Share
Tweet
Embed
Score 0/18 Timer 07:00
0 Plays Today
First Line TV Show % Correct
Hi Fonzie. Hey, have you seen Potsie around? ... Oh, great, thanks, I'll see you around Fonzie.Happy Days
80.4%
Good morning, Mr. Feeny.Boy Meets World
58.2%
If I had a rememberance book, I would mark down what it was like when we left our little house in the big wood to go west to indian territory.Little House on the Prairie
50.7%
This is Michael Bluth. For 10 years, he has worked for his father's company waiting to be made a partner and right now, he's happy.Arrested Development
49.4%
1968. I was 12 years old, a lot happened that year: Denny McLain won 31 games, the Mod Squad hit the air, and I graduated from Hillcrest elementary and entered high school.The Wonder Years
43.9%
Once upon a time, an English journalist came to New York. Elizabeth was attractive and bright and right away she hooked up with one of the city's typical eligible bachelors.Sex and the City
38.8%
My name is Mary Alice Young. When you read this morning's paper, you may come across an article about the unusual day I had last week.Desperate Housewives
37.7%
Eric it is time. (Why don't you do it?) It is your house. Listen to them up there. The party has reached critical mass, in ten minutes there will be no more beer opportunities.That 70's Show
33.1%
Tell me what you don't like about yourself.Nip/Tuck
21.6%
First Line TV Show % Correct
Tonight is the night. And it is going to happen again and again. It has to happen. Nice night.Dexter
15.2%
Morgan, this is a bad idea.Chuck
9.7%
Let's go for a ride. My name is George Lass. I'm 18 years old and I'm down there...somewhere. I'm going to tell you a story, not my story that's later, but a story.Dead Like Me
8.4%
Since I was a kid I have been able to sleep through anything, storms, sirens, you name it. Last night I didn't sleep.Scrubs
8.2%
Yep...Yep...Yep...Mmm-hmm.King of the Hill
8%
Come on, it's getting late. You should stop dancing around with that food and start eating it.The Cosby Show
7.1%
Good evening...Good evening...Good EVENing...Good EVENing...Repeat after me: 'I would like to feed your fingertips to the wolverines'Saturday Night Live
7%
So, your boy's name is what? (Snot.) You called the guy snot? (Snot Boogie)The Wire
6%
Oh, honey are you gorgeous! You look just like a virgin. Here, I brought you some crackers for your morning sickness.The Nanny
3.9%

You're not logged in!

Compare scores with friends on all Sporcle quizzes.
Join for Free
OR
Log In

You Might Also Like...

Show Comments

Extras

Top Quizzes Today


Score Distribution

Your Account Isn't Verified!

In order to create a playlist on Sporcle, you need to verify the email address you used during registration. Go to your Sporcle Settings to finish the process.

Report this User

Report this user for behavior that violates our Community Guidelines.

Details: